Statistics for Songs by Picture Quiz #3

Click here to take the quiz!

General Stats

  • This quiz has been taken 948 times
  • The average score is 9 of 18

Answer Stats

Answer % Correct
Iron Man
85%
Chandelier
81%
Karma Chameleon
71%
Honey
70%
Tiny Dancer
68%
Payphone
67%
Hey Jude
62%
Venus
56%
Sailing
50%
Rock Lobster
45%
Under the Boardwalk
45%
Tie a Yellow Ribbon Round the Ole Oak Tree
43%
Green Onions
36%
Psycho Killer
32%
Dancing in the Street
23%
Badge
19%
Beast of Burden
18%
Close to the Edge
7%

Score Distribution

Percentile by Number Answered

Percent of People with Each Score

Your Score History

You have not taken this quiz